000 00736nam a2200205Ii 4500
003 JO-AjNU
008 230605s9999||||xx |||||||||||||| ||und||
020 _a978-977-473-069-6
040 _aJO-AjNU
_bara
_erda
_cJO-AjNU
041 _aara
050 1 4 _aQ180 2014
100 3 _aصبري ،نضال رشيد ,
_eauthor
_952043
245 0 0 _aدليل النشر الاكاديمي في العلوم الادارية والاقتصادية (ااتجاهات حديثة )
264 3 1 _aالقاهرة :المنظمة العربية ،2014
300 _a180ص
336 _atext
_btxt
_2rdacontent
337 _aunmediated
_bn
_2rdamedia
338 _avolume
_bnc
_2rdacarrier
650 4 _aدليل-العلوم الادارية
_952044
999 _aA23030
_c26598
_d26598